|
|
|
|
| LEADER |
00000nam0a2200000 4500 |
| 001 |
150831 |
| 005 |
20231031150313.0 |
| 035 |
|
|
|a (RuTPU)RU\TPU\book\163539
|
| 090 |
|
|
|a 150831
|
| 100 |
|
|
|a 20090115d1980 m y0rusy50 ca
|
| 101 |
0 |
|
|a rus
|
| 102 |
|
|
|a RU
|
| 105 |
|
|
|a y z 000ay
|
| 200 |
1 |
|
|a Казаки и гусары
|e роман
|f К. А. Токарев
|
| 210 |
|
|
|a Москва
|c Современник
|d 1980
|
| 215 |
|
|
|a 304 с.
|
| 225 |
1 |
|
|a Новинки "Современника"
|
| 610 |
1 |
|
|a русская литература
|
| 610 |
1 |
|
|a романы
|
| 675 |
|
|
|a Р2
|v 3
|z rus
|
| 700 |
|
1 |
|a Токарев
|b К. А.
|g Константин Антонович
|
| 801 |
|
1 |
|a RU
|b 63413507
|c 20090115
|g PSBO
|
| 801 |
|
2 |
|a RU
|b 63413507
|c 20090528
|g PSBO
|
| 942 |
|
|
|c BK
|